| 000 | 00721nam a22001577a 4500 | ||
|---|---|---|---|
| 003 | OSt | ||
| 005 | 20151102104416.0 | ||
| 008 | 151102b xxu||||| |||| 00| 0 eng d | ||
| 040 | _cRUA | ||
| 082 | _aFOR មុនី 1993 B118 Or.1 | ||
| 100 |
_93175 _aមុនី វីរៈ |
||
| 245 | _aវិភាគទានដល់ការសិក្សាអំពីការបង្កើតព្រៃបំរុងទុកធម្មជាតិសំរាប់ជំរកសត្វស្លាប នៅ តំបន់វាលភក់ បឹងទន្លេសាប ខេត្តកំពង់ឆ្នាំង | ||
| 260 |
_aPhnom Penh _bRUA _c1993 |
||
| 300 |
_a66p. _bill. _c29cm. |
||
| 942 |
_2ddc _cFOR |
||
| 999 |
_c2963 _d2963 |
||